Learning the new rules (Record no. 78712)
[ view plain ]
| 000 -LEADER | |
|---|---|
| fixed length control field | 01871cab a22003855a 4500 |
| 001 - CONTROL NUMBER | |
| control field | L137780 |
| 008 - FIXED-LENGTH DATA ELEMENTS--GENERAL INFORMATION | |
| fixed length control field | 070430e2007 xxk 000 0 eng d |
| 035 ## - SYSTEM CONTROL NUMBER | |
| System control number | (Sirsi) u137780 |
| 041 0# - LANGUAGE CODE | |
| Language code of text/sound track or separate title | eng |
| 100 1# - MAIN ENTRY--PERSONAL NAME | |
| Personal name | King, Paul |
| 245 00 - TITLE STATEMENT | |
| Title | Learning the new rules |
| Remainder of title | a guide to environmental regulation in the 21st century |
| 260 ## - PUBLICATION, DISTRIBUTION, ETC. | |
| Date of publication, distribution, etc. | 2007 |
| 490 #0 - SERIES STATEMENT | |
| Series statement | Building |
| Volume/sequential designation | Supplement April 2007 (LOAN) |
| 520 ## - SUMMARY, ETC. | |
| Summary, etc. | Special supplement focusing on various environmental regulations affecting the built environment. Looks at: costs involved in meeting the "Code for sustainable homes" (L35998); new rules on water conservation set out in "Water efficiency in new buildings" (L135934); the challenge of delivering zero carbon homes; whether energy should be generated by onsite renewables or off site wind farms; the cost-effectiveness of giving an office a better energy rating; and the effect of Part L on buildings. Includes a summary of the new rules, including when they take effect. |
| 590 ## - LOCAL NOTE (RLIN) | |
| Local note | KA |
| 650 24 - SUBJECT ADDED ENTRY--TOPICAL TERM | |
| Topical term or geographic name entry element | DCLG CODE FOR SUSTAINABLE HOMES |
| 650 24 - SUBJECT ADDED ENTRY--TOPICAL TERM | |
| Topical term or geographic name entry element | BUILDING REGULATIONS 2000 APPROVED DOCUMENT L1A (2006 EDITION) |
| 650 24 - SUBJECT ADDED ENTRY--TOPICAL TERM | |
| Topical term or geographic name entry element | BUILDING REGULATIONS 2000 APPROVED DOCUMENT L2A (2006 EDITION) |
| 650 24 - SUBJECT ADDED ENTRY--TOPICAL TERM | |
| Topical term or geographic name entry element | BUILDING REGULATIONS 2000 APPROVED DOCUMENT L1B (2006 EDITION) |
| 650 24 - SUBJECT ADDED ENTRY--TOPICAL TERM | |
| Topical term or geographic name entry element | BUILDING REGULATIONS 2000 APPROVED DOCUMENT L2B (2006 EDITION) |
| 650 24 - SUBJECT ADDED ENTRY--TOPICAL TERM | |
| Topical term or geographic name entry element | SITE WASTE MANAGEMENT PLANS |
| 650 24 - SUBJECT ADDED ENTRY--TOPICAL TERM | |
| Topical term or geographic name entry element | DIRECTIVE 2002/91/EC |
| 651 #4 - SUBJECT ADDED ENTRY--GEOGRAPHIC NAME | |
| Geographic name | United Kingdom |
| Chronological subdivision | |
| 690 24 - LOCAL SUBJECT ADDED ENTRY--TOPICAL TERM (OCLC, RLIN) | |
| Topical term or geographic name as entry element | PLANNING POLICY STATEMENT 22 |
| 690 ## - LOCAL SUBJECT ADDED ENTRY--TOPICAL TERM (OCLC, RLIN) | |
| Topical term or geographic name as entry element | ENVIRONMENTAL AND LAND CONSULTANCY-ENVIRONMENTAL MANAGEMENT |
| 690 ## - LOCAL SUBJECT ADDED ENTRY--TOPICAL TERM (OCLC, RLIN) | |
| Topical term or geographic name as entry element | BUILT ENVIRONMENT-BUILDING STANDARDS |
| 700 1# - ADDED ENTRY--PERSONAL NAME | |
| Personal name | Mactavish, Adam |
| 700 1# - ADDED ENTRY--PERSONAL NAME | |
| Personal name | Tebbit, John |
| 700 1# - ADDED ENTRY--PERSONAL NAME | |
| Personal name | Crowe, Kristina |
| 700 1# - ADDED ENTRY--PERSONAL NAME | |
| Personal name | Smith, Alex |
| 700 1# - ADDED ENTRY--PERSONAL NAME | |
| Personal name | Cullen, Nick |
| 700 1# - ADDED ENTRY--PERSONAL NAME | |
| Personal name | Rawlinson, Simon |
| 700 1# - ADDED ENTRY--PERSONAL NAME | |
| Personal name | Clowes, Martin |
| 942 ## - ADDED ENTRY ELEMENTS (KOHA) | |
| Suppress in OPAC | 0 |
| Withdrawn status | Lost status | Source of classification or shelving scheme | Damaged status | Not for loan | Home library | Current library | Shelving location | Date acquired | Total Checkouts | Full call number | Barcode | Date last seen | Date last checked out | Copy number | Price effective from | Koha item type |
|---|---|---|---|---|---|---|---|---|---|---|---|---|---|---|---|---|
| Dewey Decimal Classification | London | London | Journal article | 30/04/2007 | 1 | L137780 | 30072240 | 06/08/2019 | 04/05/2007 | 1 | 06/08/2019 | Journal article |